San Francisco, San Jose, or Sacramento - Statistics

General Stats
  • This quiz has been taken 46 times
  • The average score is 16 of 20
Answer Stats
Question Answer % Correct
... is the capital of California. Sacramento
100%
... is at the south end of the Golden Gate Bridge. San Francisco
100%
... has the tallest building of the three. San Francisco
100%
... is the farthest south of the three. San Jose
95%
... is where Haight-Ashbury, the epicenter of the hippie movement in the late 1960s, is located. San Francisco
90%
... is where Visa, Uber, and Salesforce are based. San Francisco
90%
... is where Adobe, eBay, and PayPal are based. San Jose
90%
... is in the name of a National Football League team. San Francisco
88%
... is in Silicon Valley. San Jose
88%
... is the farthest north of the three. Sacramento
83%
... is home to a National Hockey League team. San Jose
83%
... is on a river with the same name as the city. Sacramento
81%
... has the coldest average summer high temperature of the three. San Francisco
81%
... is in the name of a National Basketball League team. Sacramento
79%
... has the hottest average summer high temperature of the three. Sacramento
74%
Its main daily newspaper is the Bee. Sacramento
71%
... has the highest city proper population of the three. San Jose
71%
Its main daily newspaper is the Mercury News. San Jose
57%
... has the lowest elevation of the three, as measured by the elevation of its city hall at ground level. Sacramento
38%
... is where the Supreme Court of California is headquartered. San Francisco
7%
No matching quizzes found
Score Distribution
Percent of People with Each Score
Percentile by Number Answered
Your Score History
You have not taken this quiz